Vyhlásenie delegátov konventu Východného dištriktu ECAV na Slovensku, Tatranská Lomnica, dňa 16. mája 1998

Podrobná bibliografia
Médium: Článok
Jazyk:slovenčina
Predmet:

MARC

LEADER 00000nab a2200000 a 4500
001 vtls000659518
003 SK-MaSNL
005 20260302183625.0
008 140402c1998 xo 0 slo
015 |a SNBRA1998/05-12110 
035 |a CLN000011710 
040 |a SNKBUCL  |b slo  |c SNKBUCL  |e AACR2 
041 0 |a slo 
044 |a xo  |c SK 
080 |a 284.1:061.3  |2 1997 
245 0 0 |a Vyhlásenie delegátov konventu Východného dištriktu ECAV na Slovensku, Tatranská Lomnica, dňa 16. mája 1998 
610 7 |a Evanjelická cirkev a.v. na Slovensku  |b Východný dištrikt  |x zasadanie  |y 16.5.1998  |2 snkbucl  |9 897535 
655 7 |a články z novín a časopisov  |2 snkbucl  |9 267496 
773 0 |t Evanjelický posol spod Tatier  |g Roč. 88, č. 20 (1998), s. 1 
850 |a Slovenská národná knižnica v Martine 
852 |a SNK  |b KIS3GCP 
992 |a RBX 
999 |c 1422338  |d 1424268